Informatique 73

Сохранить в:
Библиографические подробности
Формат:
Язык:Undetermined
Опубликовано: Paris Davision Ordinateurs 1973
Предметы:
Метки: Добавить метку
Нет меток, Требуется 1-ая метка записи!
Thư viện lưu trữ: Trung tâm Học liệu Trường Đại học Cần Thơ
LEADER 00399nam a2200157Ia 4500
001 CTU_83019
008 210402s9999 xx 000 0 und d
082 |a 004.1 
082 |b I.43 
245 0 |a Informatique 73 
260 |a Paris 
260 |b Davision Ordinateurs 
260 |c 1973 
650 |a Informatique 
904 |i QHieu(sửa) 
980 |a Trung tâm Học liệu Trường Đại học Cần Thơ